000 00470nam a2200169 a 4500
005 20260322212003.0
008 data
020 _a1878542990
020 _a9781878542991
092 _a658.3 G76 1995
100 1 _aGrout, Pam.
245 1 4 _aThe mentoring advantage :
_bhow to help your career soar to new heights /
_cPam Grout.
260 _aMission, KS :
_bSkillPath Publications, ;
_c1995.
300 _a50 p. : ill. ;
_b21 cm.
650 0 _aMentoring in business
001 data
999 _c25
_d25